00759cam a2200145 a 4500020001500000040000800015082002600023245007700049260004300126300003200169520034900201650001800550700002500568700002000593 a0821327887 cDLC00a382 WOR 1994 A075 Or.04aThe effects of protectionism on a small country :bthe case of Uruguay / aWashington, D.C. :bWorld Bank,c1994. ax, 172 p. :bill. ;c24 cm.1 a"Competently executed series of studies on the distorted trade regime of Uruguay until the late 1980s and the effect of protectionism on a variety of economic outcomes. Topics covered range from the political economy of trade distortions to the sectoral impact of specific regulations. Worth reading"--Handbook of Latin American Studies, v. 57. 0aProtectionism1 aConnolly, Michael B.1 aDe Melo, Jaime.